000 00484nam a2200229Ia 4500
001 067817
003 YMCAF
005 20230512160453.0
008 100717s1978 ||||||||||||||||| ||und|d
020 _a-
024 _a67817
035 _a7280
040 _aYMCAF
_beng
_cIN-KoLT
041 _aeng
100 _aTTP, LAHORE
245 0 _aQUESTION BANK TECHNICAL DRAWING ELECTRICIAN
250 _a-
260 _bLAHORE
_c1978
653 _a-
653 _a-
942 _2ddc
_cBK
999 _c4726
_d4726